Simply the best (Record no. 120440)

MARC details
000 -LEADER
fixed length control field 01257cai a2200277 4500
001 - CONTROL NUMBER
control field X125995
008 - FIXED-LENGTH DATA ELEMENTS--GENERAL INFORMATION
fixed length control field 040426n2004 000 0 eng u
035 ## - SYSTEM CONTROL NUMBER
System control number (Sirsi) u125995
100 ## - MAIN ENTRY--PERSONAL NAME
Personal name Dobie, A.
245 ## - TITLE STATEMENT
Title Simply the best
260 ## - PUBLICATION, DISTRIBUTION, ETC.
Date of publication, distribution, etc. 2004
490 ## - SERIES STATEMENT
Series statement RICS Business
Volume/sequential designation April 2004, 24-26(3)
520 ## - SUMMARY, ETC.
Summary, etc. Looks at why an increasing number of high achievers are being attracted to surveying as a career. More women and people from ethnic minorities are entering the profession. Reports on RICS work to improve the standing and public perception of surveying including raising the standards of competence for entry to the profession and organising training partnerships with more than 100 universities worldwide. Confirms RICS commitment to attracting the very best graduates into surveying on a worldwide basis.
590 ## - LOCAL NOTE (RLIN)
Local note ABS
590 ## - LOCAL NOTE (RLIN)
Local note ABS
590 ## - LOCAL NOTE (RLIN)
Local note ABS
650 ## - SUBJECT ADDED ENTRY--TOPICAL TERM
Topical term or geographic name entry element SURVEYING
650 ## - SUBJECT ADDED ENTRY--TOPICAL TERM
Topical term or geographic name entry element UNIVERSITY COURSES
650 ## - SUBJECT ADDED ENTRY--TOPICAL TERM
Topical term or geographic name entry element PROFESSIONAL TRAINING
650 ## - SUBJECT ADDED ENTRY--TOPICAL TERM
Topical term or geographic name entry element ETHNIC MINORITIES
650 ## - SUBJECT ADDED ENTRY--TOPICAL TERM
Topical term or geographic name entry element WOMEN SURVEYORS
650 ## - SUBJECT ADDED ENTRY--TOPICAL TERM
Topical term or geographic name entry element PROFESSIONAL COMPETENCE
690 ## - LOCAL SUBJECT ADDED ENTRY--TOPICAL TERM (OCLC, RLIN)
Topical term or geographic name as entry element EDUCATION-CAREERS
856 40 - ELECTRONIC LOCATION AND ACCESS
Uniform Resource Identifier <a href="https://www.rics.org/careers/main_index.html">https://www.rics.org/careers/main_index.html</a>
Public note View the website free of charge at www.rics.org/careers/......
942 ## - ADDED ENTRY ELEMENTS (KOHA)
Suppress in OPAC 0
Holdings
Withdrawn status Lost status Source of classification or shelving scheme Damaged status Not for loan Home library Current library Shelving location Date acquired Total Checkouts Full call number Barcode Date last seen Copy number Price effective from Koha item type
    Dewey Decimal Classification     London London Journal article 26/04/2004   X125995 125995-1001 06/08/2019 1 06/08/2019 Journal article